000
00264nam a2200109Ia 4500
008
190216s9999||||xx |||||||||||||| ||und||
100
_a
Dr.Rajendran C
245
0
_a
Darkness Of A Thousand Suns
260
_b
Angle Oraphics Mehtas
650
_a
English
942
_c
BK
999
_c
13509
_d
13509